000 00804nam a2200217Ii 4500
003 JO-AjNU
008 230605s9999||||xx |||||||||||||| ||und||
020 _a978-9957-30-076-1
040 _aJO-AjNU
_bara
_erda
_cJO-AjNU
041 _aara
050 1 4 _aPJ 8042 .U239 2009
100 3 _aالعبيدي،علي عزيز,
_eauthor
_924843
245 0 0 _aالرواية العربية في البيئة المغلقة: رواية الأسر العراقية أنموذجا "دراسة فنية"
250 _aط1
264 3 1 _aعمان: دار فضاءات للنشر والتوزيع، 2009
300 _a397ص
336 _atext
_btxt
_2rdacontent
337 _aunmediated
_bn
_2rdamedia
338 _avolume
_bnc
_2rdacarrier
650 4 _aالأدب العربي - روايات - العراق
_924844
999 _aA9213
_c12781
_d12781